|
003 -Nazwa inst., której nr kontr. jest w polu 001 [,]
|
-
- @
- Nazwa instytucji, której n kontrolny jest w polu 001
- NUKAT
|
|
005 -DATA I CZAS OSTATNIEJ MODYFIKACJI [,]
|
-
- @
- pole kontrolne
- 20241231100240.0
|
|
020 -Międzynarod. znormalizowany nr książki - ISBN [ , ]
|
-
- a
- Numer ISBN
- 9788370276065
|
|
040 -Instytucja sporządzająca opis [ , ]
|
-
- a
- Instytucja, która sporządziła opis (NP)
- WA 732/EP
-
- c
- Instytucja, która sporządziła rekord (NP)
- WA 732/EP
-
- d
- Instytucja, która zmodyfikowała rekord (P)
- WA 732/EP
-
- d
- Instytucja, która zmodyfikowała rekord (P)
- KAT U/44UIs
-
- d
- Instytucja, która zmodyfikowała rekord (P)
- WA M/LA
-
- d
- Instytucja, która zmodyfikowała rekord (P)
- WR U/mt
-
- d
- Instytucja, która zmodyfikowała rekord (P)
- WR 194/KBs
|
|
942 -Rodzaj dokumentu [ , ]
|
-
- c
- Rodzaj dokumentu
- Książka
|
|
245 -Strefa tytułu i oznaczenia odpowiedzialności [1,0]
|
-
- a
- Tytuł
- 1050 lat chrześcijaństwa w Polsce /
-
- c
- Pozostałe elementy strefy tytułu i oznaczenia odpowiedzialności (NP)
- [redakcja Paweł Ciecieląg, Bożena Łazowska, Piotr Łysoń, Wojciech Sadłoń ; zespół autorski Paweł Ciecieląg, Andrzej Datko, Bożena Łazowska, Piotr Łysoń, Paweł Milcarek, Wojciech Sadłoń ; współpraca Izabela Jaklubowska] ; Główny Urząd Statystyczny, Instytut Statystyki Kościoła Katolickiego SAC.
|
|
246 -Wariant tytułu [1,0]
|
-
- a
- Tytuł (NP)
- Tysiąc pięćdziesiąt lat chrześcijaństwa w Polsce
|
|
260 -Strefa adresu wydawniczego [ , ]
|
-
- a
- Miejsce wydania (P)
- Warszawa :
-
- b
- Nazwa wydawcy (P)
- Zakład Wydawnictw Statystycznych,
-
|
|
610 -Hasło przedmiotowe w formie nazwy ciała zbiorowego [2,7]
|
-
- a
- Nazwa ciała zbiorowego lub nazwa geograficzna
- Kościół katolicki
-
-
|
|
650 -Hasło przedmiotowe [ ,7]
|
-
- a
- Hasło przedmiotowe
- Chrzest Polski (966).
-
-
|
|
650 -Hasło przedmiotowe [ ,7]
|
-
- a
- Hasło przedmiotowe
- Kościół katolicki
-
- z
- Określnik geograficzny
- Polska
-
- x
- Określnik rzeczowy
- historia.
-
-
|
|
650 -Hasło przedmiotowe [ ,7]
|
-
- a
- Hasło przedmiotowe
- Święci chrześcijańscy
-
- z
- Określnik geograficzny
- Polska
-
- v
- Określnik formalny
- biografie.
-
-
|
|
650 -Hasło przedmiotowe [ ,7]
|
-
- a
- Hasło przedmiotowe
- Chrzest Polski (966)
-
-
|
|
651 -Hasło przedmiotowe w formie nazwy geograficznej [ ,7]
|
-
- a
- Nazwa geograficzna
- Polska
-
-
|
|
658 -Ujęcie treści [ , ]
|
-
- a
- dziedzina nauki i sztuki/ sfera aktywności życiowej
- Religia i duchowość
|
|
700 -Hasło dodatkowe - nazwa osobowa [1, ]
|
-
- a
- Nazwa osobowa (NP)
- Datko, Andrzej
-
- c
- Dopowiedzenie inne niż daty biograficzne (NP)
- (socjologia religii).
-
|
|
700 -Hasło dodatkowe - nazwa osobowa [1, ]
|
-
- a
- Nazwa osobowa (NP)
- Łazowska, Bożena.
-
|
|
700 -Hasło dodatkowe - nazwa osobowa [1, ]
|
-
- a
- Nazwa osobowa (NP)
- Łysoń, Piotr.
-
|
|
700 -Hasło dodatkowe - nazwa osobowa [1, ]
|
-
- a
- Nazwa osobowa (NP)
- Milcarek, Paweł
-
- d
- Daty biograficzne (NP)
- (1966- ).
-
|
|
700 -Hasło dodatkowe - nazwa osobowa [1, ]
|
-
- a
- Nazwa osobowa (NP)
- Sadłoń, Wojciech
-
- d
- Daty biograficzne (NP)
- (1983- ).
-
|
|
700 -Hasło dodatkowe - nazwa osobowa [1, ]
|
-
- a
- Nazwa osobowa (NP)
- Jakubowska, Izabela Barbara
-
- d
- Daty biograficzne (NP)
- (1967- ).
-
|
|
710 -Hasło dodatkowe - nazwa ciała zbiorowego [2, ]
|
-
- a
- Nazwa ciała zbiorowego lub nazwa geograficzna jako pierwszy element (NP)
- Societas Apostolatus Catholici.
-
- b
- Nazwa jednostki podrzędnej (P)
- Instytut Statystyki Kościoła Katolickiego.
-
|
|
710 -Hasło dodatkowe - nazwa ciała zbiorowego [1, ]
|
-
- a
- Nazwa ciała zbiorowego lub nazwa geograficzna jako pierwszy element (NP)
- Polska.
-
- b
- Nazwa jednostki podrzędnej (P)
- Główny Urząd Statystyczny.
-
|
|
710 -Hasło dodatkowe - nazwa ciała zbiorowego [1, ]
|
-
- a
- Nazwa ciała zbiorowego lub nazwa geograficzna jako pierwszy element (NP)
- Polska.
-
- b
- Nazwa jednostki podrzędnej (P)
- Główny Urząd Statystyczny.
-
- b
- Nazwa jednostki podrzędnej (P)
- Zakład Wydawnictw Statystycznych.
-
-
|